000 01963cam a22004574i 4500
003 PE-LiUPU
005 20250731173501.0
008 150616s r 000 0 d
020 _a0567096130
035 _a(Sirsi) i9780567096135
040 _aPE-LiUPU
_bspa
_cPE-LiUPU
_erda
049 _aPRUA
082 0 4 _a261.51
_bD751c
_223
100 1 _aDowning, F. Gerald,
_eautor.
245 1 0 _aCynics and Christian Origins /
_cF. Gerald Downing.
264 1 _aEdinburgh :
_bT & T Clark,
_c1992.
300 _a377 páginas ;
_c21 centímetros.
336 _atext
_2rdacontent
337 _aunmediated
_2rdamedia
338 _avolume
_2rdacarrier
505 0 _aCynics and Christians: Definitioon: Who or what counts as cynic? -- Sorting and dantin the cynic evidence -- The social contexts -- Christians and cynics: Christians and cynics in the 50?s the Q document -- Jesus and Cynics iin Galilea in the twenties CE -- cynic tradition in the second century church --Cynic tradicition in the western church, Tertullian to Pelagius -- Cynic tradition in the eastern church (A) mostly Egypt: Clement to the desert ascetics -- Cyni tradition in the eastern church (B) Mostly syria and Cappadocia: Bardesanes to John Chrysostom -- conlusions.
526 _aSEG42
526 _aSEG41
526 _aSEG40
526 _aSEG39
526 _aP94
526 _aP87
526 _aP86
526 _aP85
526 _aP77
526 _aP76
526 _aP35
650 0 _aFilosofía y religión
_xHistoria
_92325
650 0 _aCínicos (Filosofía griega)
_xHistoria
_92326
650 0 _aTeología dogmática
_xHistoria
_yIglesia primitiva, ca. 30-600.
_92327
910 _ajck
942 _2ddc
_cBK
_n0
949 _a261.51 D751c
_wDEWEY
_c1
_i40296
_lCCODEBUL1
_mBUL
_r0
_sY
_tBOOK
_u2015-6-16
_xTEOLOGIA
_zUNKNOWN
_0COMPRA
_o.STAFF. Colección General
980 _81
_gALBERTO SANCHEZ Responsable de Automatización
999 _c58098
_d58098